Регионална библиотека "Любен Каравелов" - Русе

Уважаеми господин М. (Запис номер 180649)

MARC детайли
000 -Лидер
Лидер 01236nam a2200361 a 4500
003 - Код на организацията, давaща контролен номер
Код на организацията, даваща контролен номер BLK
005 - Дата и час на последна редакция
Дата и час на последна редакция 20240626092045.0
008 - Елементи от данни с фиксирана дължина
Елементи с фиксирана дължина 180411b bul|||||r ||||||| ||bul||
010 ## - Наследен системен номер
LC control number KNG00189514000
020 ## - Международен стандартен номер на книга ISBN
ISBN 9786191507412
040 ## - Източник на каталожния запис
Код на библиотеката BLK
041 ## - Код за език
Език Български
Език за КДБФ Български
080 ## - УДК
УДК текст Холандска литература
УДК код 821.112.5(492)
УДК – определител -31
УДК – код + определител 821.112.5(493)-31
9 (RLIN) 241083
084 ## - Класификационен индекс по друга класификация
Авторски знак Кот - К 87
100 ## - Редна дума - Автор
Автор Кох, Херман
R(LIN) 335145
245 10 - Сведения за заглавието
Заглавие Уважаеми господин М.
Подзаглавни данни роман
Авторска отговорност Херман Кох ; прев. от нидерл. Мария Енчева.
257 ## - Страна на издаване
Страна на създаване/издаване Нидерландия (Холандия)
260 ## - Област на издателските данни
Място на издаване София
Име на издателя Колибри
Година на издаване 2016
Печатница София : Инвестпрес
300 ## - Физическа характеристика
Брой страници 443 с.
Размер 20 см
380 ## - Жанр
Жанр Худож. лит.
490 ## - СЕРИИ (Колекции)
Серия Съвременна европейска проза
500 ## - Общи забележки
Обща забележка Ориг. загл. Geachte heer M. / Herman Koch.
700 ## - Други автори (авторска отговорност)
Друг автор Енчева, Мария Генчева
9 (RLIN) 389437
765 ## - Описание на заглавието на оригиналният език
Редна дума на основното описание Geachte heer M.
Поясняваща информация Koch, Herman
852 ## - Местоположение
Сигнатура (форматна) Цб 281711
852 ## - Местоположение
Сигнатура (форматна) 821-31/К 87
Отдел Заемна - подръчен фонд
856 4# - Електронен адрес и достъп
Електронен формат pdf - файл
856 4# - Електронен адрес и достъп
Електронен формат pdf - файл
942 ## - АРТИКУЛИ
Вид на библиотечния документ Книги
Скрит в OPAC Не
Koha issues (borrowed), all copies 22
944 ## - СЪЗДАВАНЕ И РЕДАКЦИЯ на ЗАПИСА
Създаване/Редакция Редакция
Дата на регистрацията/редакция 2024-03-19
Служител, извършил регистрацията/редакцията 30530
Номер на служител Минев Младен
999 ## - СИСТЕМНИ КОНТРОЛНИ НОМЕРА
Koha biblionumber 180649
Koha biblioitemnumber 180649
999 ## - СИСТЕМНИ КОНТРОЛНИ НОМЕРА
Koha biblioitemnumber 180649
Наличности
Код за отписване Код за изгубен артикул Източник на класификационната схема Код за повреда Коз за рестрикции Код за отдаване Артикулен № Име на библиотеката - собственик Име на библиотеката, в която се намира в момента Статус (Текущо местоположение) Дата на вписване в системата Местоположение - отдел Цена в лева Инвентарен номер Систематично азбучна сигнатура Баркод Номер на екземпляра Цена в евро Служебна бележка Служебен тип на артикула
  Не е изгубен Universal Decimal Classification Не е повреден   ползва се в читалня 309522 Регионална библиотека "Любен Каравелов" Русе Регионална библиотека "Любен Каравелов" Русе Хранилище 2016-08-11 Хранилище 17.00 120000802639 Цб 281711 120000802639 1 8.69 Дост: Dp Вид: Д N: 26 Дата: 30.05.2016 Книги
  Не е изгубен Universal Decimal Classification Не е повреден без рестрикции заемане за дома 309523 Регионална библиотека "Любен Каравелов" Русе Регионална библиотека "Любен Каравелов" Русе Заемна - подръчен фонд 2018-01-29 Заемна - подръчен фонд 17.00 120000819358 П 839-31/К 87 120000819358 2 8.69 Дост: DA Вид: А N: 1 Дата: 29.01.2018 Дата инв: 16.02.2018 Бележки инв: П2018 Книги
  Не е изгубен Universal Decimal Classification Не е повреден   заемане за дома 941659 Регионална библиотека "Любен Каравелов" Русе Регионална библиотека "Любен Каравелов" Русе Количка 2024-03-20 Заемна - подръчен фонд 17.00 120000900687 821-31/К 87 Х 120000900687   8.69   Книги
Vip Innovations Ltd, Rousse, Bulgaria 2025